000 00714nam a22002297i 4500
003 URS
005 20220114152930.0
008 160314b xxu||||| |||| 00| 0 eng d
020 _a9789712350450
040 _erda
_cURSP-College Library
_beng
050 _aDS668
_bD89s 2008
100 1 _aDuka, Cecilio D.
245 _aStruggle for Freedom:
_ba text book on philippine history.
_cCecilio D. Duka
264 _aManila
_bRex Book Store
_c2008
300 _axi, 422 pages:
_bcolour illustration;
_c22 cm
336 _atext
_btxt
_2rdacontent
337 _aunmediated
_bn
_2rdamedia
338 _avolume
_bnc
_2rdacarrier
500 _aIncludes references and index
650 0 _aHistory--Philippines.
942 _2lcc
_cF
999 _c7878
_d7878